Bd. 18, № 2-3, 6; Zeitschrift fur physikalische Chemie. Abteilung B

গ্রন্থ-পঞ্জীর বিবরন
Parent link:Zeitschrift fur physikalische Chemie. Abteilung B: magazin. Bd. 18, № 2-3, 6.— , 1928-1931
ভাষা:জার্মান
প্রকাশিত: 1932
বিন্যাস: গ্রন্থ
KOHA link:https://koha.lib.tpu.ru/cgi-bin/koha/opac-detail.pl?biblionumber=547378

MARC

LEADER 00000nam2a2200000 4500
001 547378
005 20231101120107.0
035 |a (RuTPU)RU\TPU\prd\239719 
035 |a RU\TPU\prd\239717 
090 |a 547378 
100 |a 20150717a19281931k y0gery50 ba 
101 0 |a ger 
102 |a DE 
200 0 |a Bd. 18, № 2-3, 6 
210 |d 1932 
461 1 |0 (RuTPU)RU\TPU\prd\226  |t Zeitschrift fur physikalische Chemie. Abteilung B  |o magazin  |v Bd. 18, № 2-3, 6  |d 1928-1931 
801 0 |a RU  |b 63413507  |c 20010227  |g PSBO 
801 1 |a RU  |b 63413507  |c 20080423  |g PSBO 
801 2 |a RU  |b 63413507  |c 20150717  |g PSBO 
942 |c BK 
999 |a НТБ_ТПУ  |b НФ  |e -14/20150209  |p П-115a  |u 0  |v 1